Počítání : učebnice pro 2. stupeň základní školy speciální /

Hlavní autor: Blažková, Božena
Další autoři: Gundzová, Zdenka, 1958-, Anlauf, Lubomír, 1960-
Jazyk: Čeština
Vydáno: Praha : Parta, 2006-2007
Vydání: 1. vyd.
Témata:
Externí odkaz: Digitalizovaný dokument
Fyzický popis: 2 sv. (64; 64 s.) : barev. il. ; 30 cm
Odebírané svazky: 1-2
Knihy
Uloženo v:
LEADER 01873nam a2200445 aa4500
001 nkc20061701415
003 CZ PrNK
005 20210330091320.0
007 ta
008 061227m20062007xr a c p 000 0 cze
015 |a cnb001701415 
020 |a 80-7320-066-X  |q (1. díl ;  |q brož.) 
020 |a 978-80-7320-069-5  |q (2. díl ;  |q brož.) 
035 |a (OCoLC)85724625 
040 |a ABA001  |b cze 
072 7 |a 51  |x Matematika  |2 Konspekt  |9 13 
072 7 |a 37.016  |x Učební osnovy. Vyučovací předměty. Učebnice  |2 Konspekt  |9 22 
080 |a 51  |2 MRF 
080 |a (075.2)  |2 MRF 
100 1 |a Blažková, Božena  |7 xx0016661  |4 aut 
245 1 0 |a Počítání :  |b učebnice pro 2. stupeň základní školy speciální /  |c [Božena Blažková, Zdenka Gundzová ; ilustrace Lubomír Anlauf] 
246 3 |a Učebnice počítání 
250 |a 1. vyd. 
260 |a Praha :  |b Parta,  |c 2006-2007 
300 |a 2 sv. (64; 64 s.) :  |b barev. il. ;  |c 30 cm 
500 |a Název z obálky 
505 0 |a 1. díl. (7. a 8. ročník). 2006 -- 2. díl. (9. a 10. ročník). 2007 
650 0 7 |a matematika  |7 ph117231  |2 czenas 
650 0 9 |a mathematics  |2 eczenas 
655 7 |a učebnice základních škol  |7 fd133773  |2 czenas 
655 9 |a textbooks (elementary)  |2 eczenas 
700 1 |a Gundzová, Zdenka,  |d 1958-  |7 mzk2005312945  |4 aut 
700 1 |a Anlauf, Lubomír,  |d 1960-  |7 jo20000074580  |4 ill 
856 4 1 |u http://www.digitalniknihovna.cz/mzk/uuid/uuid:9eb24170-4f5b-11e7-b03f-005056827e52  |y Digitalizovaný dokument  |x NDK 
910 2 |a BOA001  |b 3-1172.832  |s 1-2  |t v 
990 |a BK 
995 |a 01 
991 |b 200701  |c NOV 
996 6 |b 2610297034  |c 3-1172.832  |d učebnice, díl 1  |v 1  |l MZK  |r Sklad / do 1 hodiny  |n 0  |p p.v.  |w 000835165  |u 000010  |a 1  |e BOA001  |j MZK50  |s P 
996 6 |b 2610323248  |c 3-1172.832  |d učebnice, díl 2  |v 2  |l MZK  |r Sklad / do 1 hodiny  |n 0  |p p.v.  |w 000835165  |u 000020  |a 1  |e BOA001  |j MZK50  |s P